Biggest City in Each North American Country - Statistics

General Stats
  • This quiz has been taken 18 times
  • The average score is 20 of 23
Answer Stats
Country City % Correct
Guatemala Guatemala City
100%
Cuba Havana
100%
Jamaica Kingston
100%
Saint Vincent and the Grenadines Kingstown
100%
United States of America New York City
100%
El Salvador San Salvador
100%
Canada Toronto
100%
Belize Belize City
94%
Mexico Mexico City
94%
The Bahamas Nassau
94%
Panama Panama City
94%
Honduras Tegucigalpa
94%
Nicaragua Managua
88%
Haiti Port-au-Prince
88%
Costa Rica San Jose
88%
Dominican Republic Santo Domingo
88%
Barbados Bridgetown
82%
Dominica Roseau
82%
Antigua and Barbuda Saint John's
82%
Grenada Saint George's
76%
Saint Kitts and Nevis Basseterre
65%
Saint Lucia Castries
65%
Trinidad and Tobago Chaguanas
12%
No matching quizzes found
Score Distribution
Percent of People with Each Score
Percentile by Number Answered
Your Score History
You have not taken this quiz